|
|
|
|
| LEADER |
00000cam a2200000 a 4500 |
| 001 |
vtls008335304 |
| 003 |
SK-MaSNL |
| 005 |
20260302003755.0 |
| 008 |
250312s1956 xr g p 000 p slo |
| 015 |
|
|
|a SNBA1956/10-01353
|
| 035 |
|
|
|a SK01SNK19560027521
|
| 035 |
|
|
|a urn:nbn:sk:snk-am3hxva
|
| 035 |
|
|
|a BCF42780-A4EA-413A-B47B-7188DEC20B56
|
| 035 |
|
|
|a urn:nbn:sk:snk-am00dcvl
|
| 035 |
|
|
|a SKM000029984
|
| 040 |
|
|
|a SNK
|b slo
|c SNK
|e AACR2
|
| 041 |
0 |
|
|a slo
|a cze
|
| 044 |
|
|
|a xr
|c CZ
|
| 080 |
|
|
|a 885.4-1
|2 1981
|
| 100 |
1 |
|
|a Botto, Ján,
|d 1829-1881
|4 aut
|9 105762
|
| 245 |
1 |
0 |
|a Smrť Jánošíkova
|c Ján Botto ; doslov nap. Laurent Horečný ; slovníček připrav. Vilém Pech
|
| 250 |
|
|
|a 1. vydanie
|
| 260 |
|
|
|a Praha
|b Státní pedagogické nakladatelství
|c 1956
|
| 300 |
|
|
|a 66, [1] s.
|c 8°
|
| 366 |
|
|
|e 60400 kusov
|
| 490 |
1 |
|
|a Mimočítanková četba
|
| 500 |
|
|
|a Schválená ako mimočítanková četba pro 9. post. roč.
|
| 500 |
|
|
|a Slovníček
|
| 504 |
|
|
|a Bibliografické odkazy
|
| 546 |
|
|
|a Text aj v češtine
|
| 650 |
0 |
7 |
|a doplnkové čítanie
|2 SNKPH
|9 94073
|
| 655 |
|
7 |
|a slovenská poézia
|2 SNKPH
|9 70444
|
| 700 |
1 |
|
|a Horečný, Laurent,
|d 1916-1986
|4 aui
|9 189992
|
| 700 |
1 |
|
|a Pech, Vilém,
|d n. 1900
|4 wam
|9 124673
|
| 830 |
|
0 |
|a Mimočítanková četba
|9 295234
|
| 852 |
|
|
|a Slovenská národná knižnica
|
| 954 |
|
|
|a beletria pôvodná (slovenská)
|2 lita
|
| 958 |
|
|
|a TL
|
| 958 |
|
|
|a RK
|
| 958 |
|
|
|a LX
|
| 958 |
|
|
|a CZ
|
| 958 |
|
|
|a NB
|
| 958 |
|
|
|a OND
|
| 999 |
|
|
|c 993285
|d 995215
|
| 952 |
|
|
|a SNK
|b SNK
|y PREZ
|7 0
|p 17A0796991
|o snkSC 8518
|i snkKSP 3085/56
|0 0
|1 0
|4 0
|d 2019-07-16
|f 1
|l 0
|r 2025-07-09 00:00:00
|w 2026-02-24
|